Statistics for JR北海道 行先クイズ

Click here to take the quiz!

General Stats

  • This quiz has been taken 933 times
    (931 since last reset)
  • The average score is 72 of 92

Answer Stats

HintAnswer% Correct
函館本線函館
100%
札幌
98%
新函館北斗
98%
札幌
98%
学園都市線札幌
98%
北海道新幹線新函館北斗
98%
旭川
97%
富良野線旭川
97%
石北本線旭川
97%
宗谷本線旭川
97%
釧路
96%
釧路
96%
根室
96%
室蘭
96%
小樽
96%
稚内
96%
富良野
95%
長万部
95%
富良野
95%
室蘭本線長万部
95%
千歳線苫小牧
94%
日高本線苫小牧
94%
苫小牧
94%
93%
網走
93%
釧網本線網走
93%
新千歳空港
93%
留萌
92%
新青森
92%
東京
92%
木古内
92%
東室蘭
92%
千歳
91%
石勝線千歳
91%
仙台
91%
東北新幹線盛岡
90%
滝川
90%
帯広
90%
根室本線滝川
90%
岩見沢
89%
岩見沢
89%
北見
88%
名寄
87%
北海道医療大学
86%
新得
85%
音威子府
85%
大沼
84%
倶知安
84%
新夕張
83%
余市
82%
留萌本線深川
81%
手稲
81%
鵡川
80%
大沼公園
79%
遠軽
79%
江別
78%
登別
77%
上川
76%
七飯
75%
池田
75%
追分
74%
追分
74%
洞爺
73%
ほしみ
71%
知床斜里
70%
当別
69%
厚岸
69%
東鹿越
68%
美瑛
67%
白滝
66%
留辺蘂
64%
白糠
62%
道南いさりび鉄道上磯
60%
幌延
60%
蘭越
57%
芽室
57%
あいの里公園
57%
永山
55%
摩周
53%
比布
53%
大楽毛
52%
然別
52%
豊浦
51%
浦幌
49%
西留辺蘂
49%
糸井
48%
当麻
44%
音別
43%
東旭川
40%
東相内
35%
伊香牛
30%
萩野
28%

Score Distribution

Percentile by Number Answered

Percent of People with Each Score

Your Score History

You have not taken this quiz since the last reset